El juego de la vida [juego] /

Guardado en:
Formato: Objeto Físico
Publicado: Argentina : Top toys, c1997.
Materias:
Etiquetas: Agregar Etiqueta
Sin Etiquetas, Sea el primero en etiquetar este registro!
LEADER 00869nrm a22001815g 4500
001 CEM.cems019185
008 130507s1997##################0###0#####d
005 20220829203445.0
003 CEMS
245 0 0 |a El juego de la vida [juego] /  |c Milton Bradley 
260 |a Argentina :  |b Top toys,  |c c1997. 
300 |a 1 juego(1 tablero, 1 barra numerada, 3 montañas, 7 edificios, 1 puente, 31 tarjetas-seguros, 300 billetes, 50 pagaré, 30 clavijas rosas y celestes,8 autos, 24 tarjetas blancas) ; en caja 51 x 33 x 6 cm. + manual de instrucciones. 
500 |a Para 2 a 8 jugadores a partir de 9 años y adultos objetivo:llegar a ser millonario. 
082 0 4 |a J793.9 
653 |a 1. juegos de negocios y finanzas i.milton bradley 
653 |a Ii.top toys 
859 |a CEMS  |b BIB. CEMS - Ludoteca  |h J793.9  |i B728  |p 090.96  |t Ej.1 
859 |a CEMS  |b BIB. CEMS - Ludoteca  |h J793.9  |i B728  |p 133.97  |t Ej.2